| 000 | 00563nam a2200217Ia 4500 | ||
|---|---|---|---|
| 005 | 20240202105115.0 | ||
| 008 | 131103s9999 xx 000 0 und d | ||
| 020 | _aSBN 41613760 1 | ||
| 040 | _aLoreto College | ||
| 041 | _aEnglish | ||
| 082 |
_a370 _bENT |
||
| 100 | _aEntwistle, Harold | ||
| 245 |
_aChild-Centred Education, _cHarold Entwistle |
||
| 260 |
_aLondon _bMethuen & Co _c1970 |
||
| 300 | _a222 p. | ||
| 504 | _aIncludes appendix and index | ||
| 650 | _aEducation | ||
| 651 | _aEducation - Child centred | ||
| 850 | _aLCLIB | ||
| 942 | _cBK | ||
| 999 |
_c2896 _d53375 |
||